[Event "Titled Tuesday intern op 02nd Apr Early"]
[Site "Chess.com INT"]
[Date "2024.04.02"]
[Round "1"]
[White "Arias Gaviria, Mario Alexis"]
[Black "Iniyan, Panneerseluam"]
[Result "0-1"]
[WhiteElo "2259"]
[BlackElo "2495"]
[PlyCount "52"]
[EventDate "2024.04.02"]
[EventType "swiss (blitz)"]
[EventRounds "11"]
[EventCountry "USA"]
[SourceTitle "CB15_2024"]
[SourceDate "2024.04.10"]
[SourceVersion "1"]
[SourceVersionDate "2024.04.10"]
[SourceQuality "1"]

1. Nf3 Nf6 2. g3 d5 3. Bg2 Nc6 4. d4 Bf5 5. c3 e6 6. 0-0 h5 7. Bg5 Be7 8. Nbd2 Ne4 9. Bxe7 Qxe7 10. h4 0-0-0 11. Nxe4 dxe4 12. Nd2 e5 13. Bxe4 Bxe4 14. Nxe4 exd4 15. Qc2 Rhe8 16. Ng5 f6 17. Nf3 Qxe2 18. Qf5+ Kb8 19. Rae1 Qxb2 20. Rb1 Qe2 21. Rfe1 Qxa2 22. Qb5 Rxe1+ 23. Nxe1 b6 24. cxd4 Nxd4 25. Qb2 Qxb2 26. Rxb2 a5 0-1

[Event "Titled Tuesday intern op 02nd Apr Early"]
[Site "Chess.com INT"]
[Date "2024.04.02"]
[Round "6"]
[White "Arias Gaviria, Mario Alexis"]
[Black "Pragnya, HG."]
[Result "1-0"]
[WhiteElo "2259"]
[BlackElo "1900"]
[PlyCount "57"]
[EventDate "2024.04.02"]
[EventType "swiss (blitz)"]
[EventRounds "11"]
[EventCountry "USA"]
[SourceTitle "CB15_2024"]
[SourceDate "2024.04.10"]
[SourceVersion "1"]
[SourceVersionDate "2024.04.10"]
[SourceQuality "1"]

1. Nf3 Nf6 2. g3 g6 3. Bg2 Bg7 4. 0-0 0-0 5. d4 d5 6. c3 c6 7. Bf4 Nbd7 8. Ne5 e6 9. Nd2 Nxe5 10. Bxe5 b6 11. a4 Ba6 12. Re1 Nd7 13. Bxg7 Kxg7 14. e4 Bb7 15. a5 dxe4 16. a6 Bc8 17. Nxe4 Qc7 18. Qf3 Rb8 19. b4 b5 20. h4 h6 21. Nc5 Rb6 22. h5 g5 23. Rxe6 Nxc5 24. Qf6+ Kg8 25. dxc5 Rxa6 26. Rxa6 fxe6 27. Qg6+ Qg7 28. Rxa7 Rf7 29. Rxf7 1-0

[Event "Titled Tuesday intern op 02nd Apr Early"]
[Site "Chess.com INT"]
[Date "2024.04.02"]
[Round "10"]
[White "Arias Gaviria, Mario Alexis"]
[Black "Saiz Rodriguez, Daniel Evelio"]
[Result "1-0"]
[WhiteElo "2259"]
[BlackElo "2176"]
[PlyCount "97"]
[EventDate "2024.04.02"]
[EventType "swiss (blitz)"]
[EventRounds "11"]
[EventCountry "USA"]
[SourceTitle "CB15_2024"]
[SourceDate "2024.04.10"]
[SourceVersion "1"]
[SourceVersionDate "2024.04.10"]
[SourceQuality "1"]

1. Nf3 c5 2. g3 Nc6 3. Bg2 g6 4. 0-0 Bg7 5. c3 e6 6. d4 cxd4 7. cxd4 d5 8. Nc3 Nge7 9. e4 dxe4 10. Nxe4 h6 11. Bf4 0-0 12. Qd2 Nf5 13. Rfd1 Ncxd4 14. Nxd4 Qxd4 15. Qxd4 Nxd4 16. Nd6 Ne2+ 17. Kf1 Nxf4 18. gxf4 Bd7 19. Bxb7 Rab8 20. Rab1 e5 21. Bd5 Bh3+ 22. Kg1 exf4 23. b4 Be5 24. Nxf7 Rxf7 25. b5 Kg7 26. Bxf7 Kxf7 27. a4 Bf5 28. Rbc1 f3 29. Rd5 Kf6 30. Rc6+ Be6 31. Rd3 Rc8 32. Rxf3+ Ke7 33. Re3 Rxc6 34. bxc6 Bc7 35. Rb3 Kd6 36. Rb7 Kxc6 37. Rxa7 Bb6 38. Rg7 Bf5 39. Rh7 h5 40. Rf7 Ba5 41. Rf6+ Kc5 42. Ra6 Kb4 43. Kg2 Kxa4 44. Kg3 Kb5 45. Ra8 Bb6 46. Rh8 Bc7+ 47. Kf3 Bxh2 48. Ra8 Kc6 49. Ra5 1-0

[Event "Titled Tuesday intern op 06th Feb Early"]
[Site "Chess.com INT"]
[Date "2024.02.06"]
[Round "8"]
[White "Aldokhin, Ivan"]
[Black "Arias Gaviria, Mario Alexis"]
[Result "1/2-1/2"]
[WhiteElo "2413"]
[BlackElo "2259"]
[PlyCount "130"]
[EventDate "2024.02.06"]
[EventType "swiss (blitz)"]
[EventRounds "11"]
[EventCountry "USA"]
[SourceTitle "CB07_2024"]
[SourceDate "2024.02.14"]
[SourceVersion "1"]
[SourceVersionDate "2024.02.14"]
[SourceQuality "1"]

1. e4 e5 2. Nf3 Nf6 3. d4 Nxe4 4. Bd3 d5 5. Nxe5 Nd7 6. Qe2 Nxe5 7. Bxe4 dxe4 8. Qxe4 Bb4+ 9. Bd2 f5 10. Qxe5+ Kf7 11. 0-0 Re8 12. Qg3 Bd6 13. Qf3 Qh4 14. g3 Qg4 15. Qxg4 fxg4 16. Be3 Bf5 17. c3 Bd3 18. Rd1 Be2 19. Re1 Bd3 20. Nd2 c6 21. f3 Re6 22. fxg4 Rae8 23. Bf2 Re2 24. Nf3 Kf8 25. b3 Rxe1+ 26. Rxe1 Rxe1+ 27. Bxe1 Bb1 28. a4 Bc2 29. Nd2 Bd1 30. h3 Ba3 31. b4 Bxa4 32. Nc4 Bc1 33. Bd2 Bb3 34. Bxc1 Bxc4 35. Kf2 b5 36. Kf3 Bd5+ 37. Kf4 Kf7 38. Ke5 h6 39. h4 Kg6 40. h5+ Kf7 41. g5 hxg5 42. Bxg5 Kg8 43. g4 Kf7 44. Bf4 Kg8 45. Kf5 Bf3 46. Be5 Be2 47. Kg5 Kf7 48. Kh4 Bf3 49. g5 Be2 50. g6+ Kf8 51. Kg5 Bc4 52. Kf5 Kg8 53. Bf4 Bd3+ 54. Ke6 Be2 55. h6 gxh6 56. Bxh6 Bf3 57. Kf6 Bd5 58. Bf4 Bc4 59. Be5 Bd5 60. g7 Be4 61. Ke7 Bd5 62. Kd6 Be4 63. Ke7 Bd5 64. Kf6 Bc4 65. Ke7 Bd5 1/2-1/2

[Event "Titled Tuesday intern op 06th Feb Early"]
[Site "Chess.com INT"]
[Date "2024.02.06"]
[Round "2"]
[White "Arias Gaviria, Mario Alexis"]
[Black "Rodriguez Santiago, Jaime"]
[Result "1-0"]
[WhiteElo "2259"]
[BlackElo "2044"]
[PlyCount "53"]
[EventDate "2024.02.06"]
[EventType "swiss (blitz)"]
[EventRounds "11"]
[EventCountry "USA"]
[SourceTitle "CB07_2024"]
[SourceDate "2024.02.14"]
[SourceVersion "1"]
[SourceVersionDate "2024.02.14"]
[SourceQuality "1"]

1. Nf3 Nf6 2. g3 e6 3. Bg2 d5 4. 0-0 c5 5. d4 Nc6 6. c4 dxc4 7. dxc5 Qxd1 8. Rxd1 Bxc5 9. Nbd2 c3 10. bxc3 0-0 11. c4 Rd8 12. Bb2 Be7 13. Rac1 Bd7 14. c5 Rac8 15. Nb3 Be8 16. e3 Nb4 17. Rxd8 Rxd8 18. Ne5 Nxa2 19. Ra1 Nb4 20. Bxb7 Rb8 21. Rxa7 Nfd5 22. Ba3 f6 23. Nc4 Bc6 24. Nca5 Bxb7 25. Rxb7 Ra8 26. Bxb4 Nxb4 27. Rxe7 1-0

[Event "Titled Tuesday intern op 06th Feb Early"]
[Site "Chess.com INT"]
[Date "2024.02.06"]
[Round "6"]
[White "Korol, Dimitry"]
[Black "Arias Gaviria, Mario Alexis"]
[Result "1/2-1/2"]
[WhiteElo "2287"]
[BlackElo "2259"]
[PlyCount "116"]
[EventDate "2024.02.06"]
[EventType "swiss (blitz)"]
[EventRounds "11"]
[EventCountry "USA"]
[SourceTitle "CB07_2024"]
[SourceDate "2024.02.14"]
[SourceVersion "1"]
[SourceVersionDate "2024.02.14"]
[SourceQuality "1"]

1. d4 d5 2. c4 e6 3. Nc3 Nf6 4. Bg5 Be7 5. cxd5 exd5 6. e3 0-0 7. Bd3 h6 8. Bh4 Re8 9. Qc2 c6 10. Nge2 Ne4 11. Bxe7 Qxe7 12. 0-0 Nd7 13. Rae1 a5 14. f3 Nxc3 15. Nxc3 Qf6 16. Qd2 Nf8 17. Bb1 Ne6 18. Rd1 b6 19. e4 Ba6 20. e5 Qf4 21. Qxf4 Nxf4 22. Rfe1 b5 23. g3 Ne6 24. f4 b4 25. Ne2 f6 26. f5 Ng5 27. Kf2 fxe5 28. dxe5 Rxe5 29. Nd4 Rxe1 30. Rxe1 c5 31. Ne6 Re8 32. Nxc5 Rxe1 33. Kxe1 Bc8 34. Kf2 Kf7 35. h4 Nh7 36. Ke3 h5 37. Kf4 Kf6 38. Bd3 Nf8 39. Nb3 Nd7 40. Nd4 Nc5 41. Be2 Na4 42. b3 Nc3 43. Bxh5 Nxa2 44. g4 Nc1 45. g5+ Ke7 46. Ke5 Nd3+ 47. Kxd5 Nf4+ 48. Kc5 Nxh5 49. Kb5 Ng3 50. f6+ gxf6 51. gxf6+ Kxf6 52. Kxa5 Nf5 53. Nxf5 Bxf5 54. Kxb4 Bc2 55. Kc3 Bxb3 56. Kxb3 Kg6 57. Kc4 Kh5 58. Kd4 Kxh4 1/2-1/2

[Event "Manaus op 2nd"]
[Site "Manaus"]
[Date "2023.10.16"]
[Round "8"]
[White "Souza Neves, Andrey Marcelo"]
[Black "Arias Gaviria, Mario Alexis"]
[Result "1-0"]
[WhiteElo "2097"]
[BlackElo "2281"]
[PlyCount "62"]
[EventDate "2023.10.11"]
[EventType "swiss"]
[EventRounds "9"]
[EventCountry "BRA"]
[SourceTitle "Mega2024 Update 01"]
[Source "Chessbase"]
[SourceDate "2023.11.12"]
[SourceVersion "1"]
[SourceVersionDate "2023.11.12"]
[SourceQuality "1"]

1. d4 d5 2. c4 dxc4 3. Nf3 Nf6 4. e3 a6 5. Bxc4 e6 6. 0-0 c5 7. Nc3 b5 8. Bb3 Bb7 9. Qe2 Nbd7 10. Rd1 Qb6 11. a3 Be7 12. e4 b4 13. axb4 cxb4 14. Na4 Qb5 15. Bc4 Qh5 16. d5 e5 17. b3 Bd6 18. Re1 0-0 19. Bd3 h6 20. Nd2 Qxe2 21. Rxe2 Ne8 22. Nc4 Bc7 23. Be3 Nd6 24. Nc5 Nxc5 25. Bxc5 Rfd8 26. Bxb4 Nb5 27. Ba5 Rac8 28. Bxc7 Rb8 29. Bxd8 Rxd8 30. Nxe5 Nd4 31. Rb2 Re8 1-0

[Event "American Continental 17th"]
[Site "Juan Dolio"]
[Date "2023.05.22"]
[Round "10"]
[White "Arias Gaviria, Mario Alexis"]
[Black "Wan, Joseph C"]
[Result "1/2-1/2"]
[WhiteElo "2351"]
[BlackElo "2167"]
[PlyCount "30"]
[EventDate "2023.05.15"]
[EventType "swiss"]
[EventRounds "11"]
[EventCountry "DOM"]
[SourceTitle "CBM 214 Extra"]
[Source "ChessBase"]
[SourceDate "2023.07.31"]
[SourceVersion "1"]
[SourceVersionDate "2023.07.31"]
[SourceQuality "1"]

1. d4 d5 2. Nf3 Nf6 3. c4 dxc4 4. Nc3 a6 5. a4 Nc6 6. e4 Bg4 7. e5 Nd5 8. Bxc4 e6 9. Be3 Bb4 10. Bxd5 Qxd5 11. 0-0 Bxc3 12. bxc3 0-0 13. h3 Bxf3 14. Qxf3 Qxf3 15. gxf3 Na5 1/2-1/2

[Event "Milpitas 1000 GM IM April"]
[Site "Milpitas"]
[Date "2023.04.08"]
[Round "7.6"]
[White "Deng, Henry"]
[Black "Arias Gaviria, Mario Alexis"]
[Result "0-1"]
[WhiteElo "2162"]
[BlackElo "2351"]
[PlyCount "86"]
[EventDate "2023.03.31"]
[EventType "schev"]
[EventRounds "10"]
[EventCountry "USA"]
[SourceTitle "CBM 213 Extra"]
[Source "ChessBase"]
[SourceDate "2023.05.31"]
[SourceVersion "1"]
[SourceVersionDate "2023.05.31"]
[SourceQuality "1"]

1. e4 e5 2. Nf3 Nf6 3. Nxe5 d6 4. Nf3 Nxe4 5. Nc3 Nf6 6. d4 d5 7. Bf4 Bb4 8. Bd3 0-0 9. 0-0 Bg4 10. h3 Bh5 11. Nb1 Nc6 12. c3 Bd6 13. Bg5 h6 14. Be3 Qd7 15. Nbd2 Rae8 16. Qc2 Bxf3 17. Nxf3 Ne4 18. Bb5 a6 19. Ba4 Qe6 20. Bxc6 bxc6 21. b3 f5 22. c4 f4 23. Bd2 g5 24. Ba5 h5 25. Rfe1 g4 26. Ng5 Qf5 27. Nxe4 dxe4 28. c5 gxh3 29. f3 e3 30. Rac1 Be7 31. Qxf5 Rxf5 32. Bxc7 Bh4 33. Re2 Bf2+ 34. Kh2 hxg2 35. Kxg2 Kf7 36. Kh1 Rg8 37. Bd6 Rg3 38. d5 Rxd5 39. Bxf4 Rxf3 40. Bxe3 Bxe3 41. Rc3 Rf1+ 42. Kg2 Rg5+ 43. Kxf1 Rg1# 0-1

[Event "Milpitas 1000 GM IM April"]
[Site "Milpitas"]
[Date "2023.04.01"]
[Round "2.6"]
[White "Arias Gaviria, Mario Alexis"]
[Black "Pullela, Sricharan"]
[Result "1-0"]
[WhiteElo "2351"]
[BlackElo "2040"]
[PlyCount "51"]
[EventDate "2023.03.31"]
[EventType "schev"]
[EventRounds "10"]
[EventCountry "USA"]
[SourceTitle "CBM 213 Extra"]
[Source "ChessBase"]
[SourceDate "2023.05.31"]
[SourceVersion "1"]
[SourceVersionDate "2023.05.31"]
[SourceQuality "1"]

1. d4 Nf6 2. c4 g6 3. Nc3 Bg7 4. e4 d6 5. Be2 0-0 6. Bg5 Nbd7 7. h3 e5 8. d5 h6 9. Be3 Nc5 10. Qc2 a5 11. g4 Ne8 12. Qd2 Kh7 13. h4 Qe7 14. 0-0-0 f5 15. h5 f4 16. hxg6+ Kxg6 17. Bxc5 dxc5 18. Nf3 Bf6 19. Rde1 Bg5 20. Nb5 Nd6 21. Nxg5 hxg5 22. Rh5 Nxb5 23. cxb5 b6 24. Reh1 Qg7 25. Qc3 Re8 26. Qh3 1-0

[Event "Milpitas 1000 GM IM April"]
[Site "Milpitas"]
[Date "2023.03.31"]
[Round "1.6"]
[White "Shivakumar, Shawnak"]
[Black "Arias Gaviria, Mario Alexis"]
[Result "1-0"]
[WhiteElo "2418"]
[BlackElo "2351"]
[PlyCount "127"]
[EventDate "2023.03.31"]
[EventType "schev"]
[EventRounds "10"]
[EventCountry "USA"]
[SourceTitle "CBM 213 Extra"]
[Source "ChessBase"]
[SourceDate "2023.05.31"]
[SourceVersion "1"]
[SourceVersionDate "2023.05.31"]
[SourceQuality "1"]

1. c4 e5 2. Nc3 Nf6 3. Nf3 Nc6 4. e3 Bb4 5. Qc2 Bxc3 6. Qxc3 d6 7. Be2 h6 8. a3 a5 9. b3 Bf5 10. d3 Qe7 11. Bb2 Bh7 12. 0-0 0-0 13. b4 Rfe8 14. Rfe1 Qf8 15. d4 Ne4 16. Qb3 a4 17. Qd1 Red8 18. Bd3 Nf6 19. Bxh7+ Nxh7 20. Qc2 exd4 21. exd4 d5 22. Rad1 Nf6 23. Ne5 Ne7 24. c5 Nc6 25. Nxc6 bxc6 26. Bc1 Re8 27. f3 Rxe1+ 28. Rxe1 Re8 29. Rxe8 Qxe8 30. Kf2 Qa8 31. Bf4 Qc8 32. g4 Qa6 33. Bxc7 Qc4 34. Qxc4 dxc4 35. Bd6 Nd5 36. b5 cxb5 37. c6 f6 38. c7 Nb6 39. Bc5 Nc8 40. d5 Kf7 41. Ke2 Ke8 42. Kd2 Kd7 43. d6 g6 44. f4 f5 45. gxf5 gxf5 46. Kc3 Kc6 47. Kb4 h5 48. h3 Kd7 49. Kxb5 c3 50. Kxa4 c2 51. Be3 Nxd6 52. Kb3 Kxc7 53. Kxc2 Nc4 54. Bc1 Kc6 55. Kd3 Kd5 56. a4 Na5 57. Bd2 Nb3 58. Be3 Na5 59. Bb6 Nc6 60. a5 Nb4+ 61. Ke3 Nc2+ 62. Kf3 h4 63. Bf2 Kc4 64. a6 1-0

[Event "Maia op 6th"]
[Site "Maia"]
[Date "2022.08.28"]
[Round "4"]
[White "Plazuelo Pascual, Juan"]
[Black "Arias Gaviria, Mario Alexis"]
[Result "1-0"]
[WhiteElo "2441"]
[BlackElo "2280"]
[PlyCount "83"]
[EventDate "2022.08.26"]
[EventType "swiss"]
[EventRounds "9"]
[EventCountry "POR"]
[SourceTitle "CBM 210 Extra"]
[Source "ChessBase"]
[SourceDate "2022.11.30"]
[SourceVersion "1"]
[SourceVersionDate "2022.11.30"]
[SourceQuality "1"]

1. e4 e5 2. Nf3 Nf6 3. Nxe5 d6 4. Nf3 Nxe4 5. d4 d5 6. Bd3 Be7 7. 0-0 0-0 8. Re1 Nf6 9. h3 Nbd7 10. Bf4 Re8 11. Nbd2 Nf8 12. c3 c6 13. a4 a5 14. Ne5 Ne6 15. Bh2 g6 16. Kh1 Nh5 17. Bc2 Bg5 18. Nd3 b6 19. Nf3 Be7 20. Nfe5 Bd7 21. Nxd7 Qxd7 22. Ne5 Qc8 23. Qf3 Rf8 24. Ng4 Bg5 25. Bd6 Rd8 26. Ba3 Kg7 27. g3 Nf6 28. Be7 Nxg4 29. Bxd8 Nxf2+ 30. Qxf2 Bxd8 31. Rf1 Ra7 32. Rae1 h5 33. h4 Qd7 34. Re5 Qe7 35. Bxg6 Kxg6 36. Qf5+ Kg7 37. Qxh5 f6 38. Qg4+ Kf7 39. h5 Qd6 40. h6 Be7 41. Qh5+ Kg8 42. Qg6+ 1-0

[Event "Mirandela op 3rd"]
[Site "Mirandela"]
[Date "2022.08.20"]
[Round "6"]
[White "Arias Gaviria, Mario Alexis"]
[Black "Seo, Jung Min"]
[Result "1/2-1/2"]
[WhiteElo "2280"]
[BlackElo "2514"]
[PlyCount "67"]
[EventDate "2022.08.17"]
[EventType "swiss"]
[EventRounds "9"]
[EventCountry "POR"]
[SourceTitle "CBM 209 Extra"]
[Source "ChessBase"]
[SourceDate "2022.09.30"]
[SourceVersion "1"]
[SourceVersionDate "2022.09.30"]
[SourceQuality "1"]

1. d4 Nf6 2. c4 e6 3. Nf3 b6 4. g3 Ba6 5. Nbd2 c5 6. Bg2 Bb7 7. 0-0 Nc6 8. d5 exd5 9. cxd5 Nxd5 10. Nc4 Nc7 11. Bg5 f6 12. Bf4 d5 13. Bxc7 Qxc7 14. Qxd5 Nd8 15. Qf5 Qd7 16. Qxd7+ Kxd7 17. Rfd1+ Kc7 18. Ne3 Nf7 19. Nd5+ Bxd5 20. Rxd5 Rd8 21. Nd2 Rxd5 22. Bxd5 Ne5 23. Nc4 Nxc4 24. Bxc4 Bd6 25. Rd1 Rd8 26. Kg2 Be5 27. Rxd8 Kxd8 28. b3 Ke7 29. f4 Bb2 30. Bg8 h6 31. Bc4 Ba1 32. Kf3 f5 33. g4 g6 34. e4 1/2-1/2

[Event "Mirandela op 3rd"]
[Site "Mirandela"]
[Date "2022.08.18"]
[Round "3"]
[White "Chasin, Nico Werner"]
[Black "Arias Gaviria, Mario Alexis"]
[Result "1/2-1/2"]
[WhiteElo "2392"]
[BlackElo "2280"]
[PlyCount "71"]
[EventDate "2022.08.17"]
[EventType "swiss"]
[EventRounds "9"]
[EventCountry "POR"]
[SourceTitle "CBM 209 Extra"]
[Source "ChessBase"]
[SourceDate "2022.09.30"]
[SourceVersion "1"]
[SourceVersionDate "2022.09.30"]
[SourceQuality "1"]

1. d4 Nf6 2. c4 e6 3. Nf3 b6 4. g3 Bb7 5. Bg2 Bb4+ 6. Bd2 Be7 7. 0-0 0-0 8. Nc3 d5 9. Ne5 c5 10. dxc5 Bxc5 11. Bg5 h6 12. Bxf6 Qxf6 13. Nd3 Bd4 14. Nb5 Na6 15. cxd5 exd5 16. Qb3 Rfd8 17. Rad1 Rd7 18. Nxd4 Qxd4 19. Nf4 Qe5 20. Nxd5 Rad8 21. Nc3 Bxg2 22. Kxg2 Rd2 23. Rxd2 Rxd2 24. Qc4 Rxb2 25. Rd1 Qc7 26. Qe4 Nc5 27. Qe8+ Kh7 28. Rd8 Ne6 29. Rc8 Qb7+ 30. e4 Rc2 31. h4 h5 32. Rb8 Qc7 33. Nd5 Qe5 34. Qh8+ Kg6 35. Ne7+ Kf6 36. Nd5+ 1/2-1/2

[Event "Merida World Heritage op 2nd"]
[Site "Merida"]
[Date "2022.08.03"]
[Round "3"]
[White "Arias Gaviria, Mario Alexis"]
[Black "Movsziszian, Karen"]
[Result "0-1"]
[WhiteElo "2280"]
[BlackElo "2473"]
[PlyCount "128"]
[EventDate "2022.08.02"]
[EventType "swiss"]
[EventRounds "9"]
[EventCountry "ESP"]
[SourceTitle "CBM 209 Extra"]
[Source "ChessBase"]
[SourceDate "2022.09.30"]
[SourceVersion "1"]
[SourceVersionDate "2022.09.30"]
[SourceQuality "1"]

1. d4 d6 2. c4 e5 3. Nc3 Nd7 4. e3 g6 5. Bd3 Bg7 6. Nge2 f5 7. b4 Ngf6 8. 0-0 0-0 9. Qb3 Kh8 10. a4 e4 11. Bb1 Re8 12. Ra2 Nf8 13. f3 exf3 14. gxf3 c6 15. d5 cxd5 16. Nxd5 Nxd5 17. cxd5 Bd7 18. Kh1 Qh4 19. f4 Re7 20. Ng3 Rae8 21. Re2 h6 22. b5 Nh7 23. Qa3 Qf6 24. e4 fxe4 25. Bb2 Qf7 26. Bxg7+ Kxg7 27. Nxe4 Bf5 28. Qc3+ Kg8 29. Qd4 Qg7 30. Qxg7+ Kxg7 31. Rfe1 Bxe4+ 32. Rxe4 Rxe4 33. Rxe4 Rxe4 34. Bxe4 Nf6 35. Bf3 b6 36. Kg2 Nd7 37. Bd1 Kf6 38. Kg3 g5 39. Bc2 Nc5 40. Kg4 Nb7 41. Bd3 Na5 42. f5 Nb7 43. Kh5 Kg7 44. f6+ Kxf6 45. Kxh6 Nc5 46. Bc2 Nd7 47. Kh5 Ne5 48. Be4 Nc4 49. Bd3 Ne3 50. Be4 Ke5 51. Bb1 Kf4 52. Ba2 Ng4 53. h4 Nf6+ 54. Kg6 gxh4 55. Kxf6 h3 56. Ke7 h2 57. Kxd6 h1Q 58. Kc7 Ke5 59. d6 Qc1+ 60. Kb7 Kxd6 61. Kxa7 Kc7 62. Bd5 Qa3 63. Bb7 Qxa4+ 64. Ba6 Qa3 0-1

[Event "Belgrade Gligoric Memorial"]
[Site "Belgrade"]
[Date "2022.07.18"]
[Round "2"]
[White "Sedlak, Nikola"]
[Black "Arias Gaviria, Mario Alexis"]
[Result "1-0"]
[WhiteElo "2480"]
[BlackElo "2231"]
[PlyCount "81"]
[EventDate "2022.07.17"]
[EventType "swiss"]
[EventRounds "9"]
[EventCountry "SRB"]
[SourceTitle "CBM 209 Extra"]
[Source "ChessBase"]
[SourceDate "2022.09.30"]
[SourceVersion "1"]
[SourceVersionDate "2022.09.30"]
[SourceQuality "1"]

1. d4 Nf6 2. Nf3 e6 3. Bf4 b6 4. e3 Bb7 5. c4 Bb4+ 6. Nfd2 Ne4 7. Bd3 Nxd2 8. Nxd2 Bxd2+ 9. Qxd2 g5 10. Be5 f6 11. Bg3 Bxg2 12. Rg1 Bf3 13. Be2 Bxe2 14. Qxe2 d6 15. f4 h6 16. 0-0-0 Nd7 17. Qf3 c6 18. fxg5 hxg5 19. Bxd6 Qc8 20. Kb1 Qb7 21. d5 c5 22. Qg4 Nf8 23. Bxf8 Kxf8 24. Rgf1 Qf7 25. dxe6 Qg6+ 26. Ka1 Re8 27. Qg3 Kg8 28. Rd7 Rh7 29. Qd6 Rg7 30. e4 Kh8 31. a3 Kh7 32. Rf3 g4 33. Rf5 Kh8 34. Ka2 Kh7 35. Rxg7+ Kxg7 36. Qd7+ Kh6 37. Rxf6 Qxf6 38. Qxe8 Qf1 39. Qh8+ Kg6 40. Qg8+ Kh6 41. e7 1-0

[Event "Novi Sad Serbia op-A"]
[Site "Novi Sad"]
[Date "2022.06.29"]
[Round "2"]
[White "Milikow, Elie"]
[Black "Arias Gaviria, Mario Alexis"]
[Result "1/2-1/2"]
[WhiteElo "2430"]
[BlackElo "2209"]
[PlyCount "100"]
[EventDate "2022.06.28"]
[EventType "swiss"]
[EventRounds "9"]
[EventCountry "SRB"]
[SourceTitle "EXT 2023"]
[Source "ChessBase"]
[SourceDate "2022.10.05"]
[SourceVersion "1"]
[SourceVersionDate "2022.10.05"]
[SourceQuality "1"]

1. e4 e5 2. Nf3 Nf6 3. d4 Nxe4 4. Bd3 d5 5. Nxe5 Nd7 6. Nc3 Nxe5 7. dxe5 Bb4 8. 0-0 Nxc3 9. bxc3 Bxc3 10. Rb1 0-0 11. Bxh7+ Kxh7 12. Qd3+ Kg8 13. Qxc3 a5 14. f4 f5 15. exf6 Rxf6 16. Be3 Raa6 17. Bd4 Rf7 18. f5 c5 19. Bxc5 Bxf5 20. Rbe1 Be4 21. Rxf7 Kxf7 22. Rf1+ Rf6 23. Rxf6+ Qxf6 24. Qxf6+ Kxf6 25. c3 g5 26. Kf2 Kf5 27. a3 Bd3 28. h3 b5 29. Bb6 a4 30. Ke3 Bc4 31. Bd8 Bf1 32. Kf2 Bc4 33. Kf3 Kg6 34. g3 Kf5 35. g4+ Kg6 36. Bb6 Bf1 37. Kg3 Bc4 38. Be3 Bd3 39. Bf2 Be2 40. Be1 Bd1 41. Kf2 Bb3 42. Bd2 Bc4 43. Kg3 Be2 44. Be3 Bc4 45. h4 gxh4+ 46. Kxh4 Be2 47. Kg3 Bd1 48. Kf4 Be2 49. g5 Bc4 50. Ke5 Bf1 1/2-1/2

[Event "Veliko Gradiste Silver Lake op-A"]
[Site "Veliko Gradiste"]
[Date "2022.06.26"]
[Round "9"]
[White "Arias Gaviria, Mario Alexis"]
[Black "Stremavicius, Titas"]
[Result "0-1"]
[WhiteElo "2209"]
[BlackElo "2495"]
[PlyCount "114"]
[EventDate "2022.06.19"]
[EventType "swiss"]
[EventRounds "9"]
[EventCountry "SRB"]
[SourceTitle "CBM 209 Extra"]
[Source "ChessBase"]
[SourceDate "2022.09.30"]
[SourceVersion "1"]
[SourceVersionDate "2022.09.30"]
[SourceQuality "1"]

1. e4 c5 2. c3 d5 3. exd5 Qxd5 4. d4 Nf6 5. Nf3 e6 6. Be2 Be7 7. Be3 cxd4 8. cxd4 Qa5+ 9. Nc3 Nd5 10. Bd2 0-0 11. 0-0 Nc6 12. Qb3 Nxc3 13. bxc3 Bf6 14. Rfd1 Qf5 15. Be3 b6 16. Qb1 Qxb1 17. Raxb1 Bb7 18. c4 Ba6 19. Kf1 Rfc8 20. Rdc1 Rd8 21. Rd1 Rac8 22. c5 Bxe2+ 23. Kxe2 Ne7 24. cxb6 axb6 25. Rdc1 Nd5 26. Rxc8 Rxc8 27. Bd2 Ra8 28. Rb2 h6 29. Kd3 g5 30. h3 Ra4 31. Ne5 Bxe5 32. dxe5 Kg7 33. Be3 Ra6 34. Kc4 Kg6 35. Kb5 Ra5+ 36. Kc6 b5 37. g4 b4 38. Bd2 h5 39. Be3 h4 40. Bd2 Ra3 41. Be3 Nxe3 42. fxe3 Rxe3 43. Rxb4 Rxh3 44. a4 Re3 45. a5 Rxe5 46. Ra4 h3 47. Kb6 h2 48. Ra1 Re2 49. a6 Rb2+ 50. Ka7 f5 51. Ka8 fxg4 52. a7 g3 53. Rf1 Rf2 54. Re1 Rf8+ 55. Kb7 g2 56. Rxe6+ Kh5 57. Rf6 h1Q 0-1

[Event "Veliko Gradiste Silver Lake op-A"]
[Site "Veliko Gradiste"]
[Date "2022.06.24"]
[Round "7"]
[White "Arias Gaviria, Mario Alexis"]
[Black "Papaioannou, Dimitrios1111"]
[Result "1-0"]
[WhiteElo "2209"]
[BlackElo "2078"]
[PlyCount "64"]
[EventDate "2022.06.19"]
[EventType "swiss"]
[EventRounds "9"]
[EventCountry "SRB"]
[SourceTitle "CBM 209 Extra"]
[Source "ChessBase"]
[SourceDate "2022.09.30"]
[SourceVersion "1"]
[SourceVersionDate "2022.09.30"]
[SourceQuality "1"]

1. d4 d5 2. Nf3 Nf6 3. c4 e6 4. Nc3 dxc4 5. e3 a6 6. a4 c5 7. Bxc4 Nc6 8. 0-0 cxd4 9. exd4 Be7 10. Bg5 0-0 11. Ba2 Nb4 12. Bb1 b6 13. Ne5 Bb7 14. Ra3 Rc8 15. Bxf6 Bxf6 16. f4 g6 17. Qd2 Bg7 18. Ne4 Qe7 19. Rc3 b5 20. a5 Rfd8 21. Rd1 Nc6 22. Rd3 Qc7 23. Ng5 Nxe5 24. fxe5 h6 25. Nf3 Rd7 26. Qe1 Rcd8 27. Rc1 Qb8 28. Qe3 Qa7 29. Rf1 Rc8 30. h4 Rc4 31. b3 Rc8 32. Rfd1 h5 1-0

[Event "Veliko Gradiste Silver Lake op-A"]
[Site "Veliko Gradiste"]
[Date "2022.06.23"]
[Round "6"]
[White "Srdanovic, Jovana"]
[Black "Arias Gaviria, Mario Alexis"]
[Result "0-1"]
[WhiteElo "2127"]
[BlackElo "2209"]
[PlyCount "53"]
[EventDate "2022.06.19"]
[EventType "swiss"]
[EventRounds "9"]
[EventCountry "SRB"]
[SourceTitle "CBM 209 Extra"]
[Source "ChessBase"]
[SourceDate "2022.09.30"]
[SourceVersion "1"]
[SourceVersionDate "2022.09.30"]
[SourceQuality "1"]

1. d4 Nf6 2. c4 e6 3. Nf3 d5 4. Nc3 Be7 5. Bg5 0-0 6. e3 Nbd7 7. cxd5 exd5 8. Bd3 b6 9. 0-0 Bb7 10. Rc1 Ne4 11. Bf4 Nxc3 12. Rxc3 c5 13. Rc1 c4 14. Bb1 b5 15. Re1 Nf6 16. Ne5 a5 17. Qc2 g6 18. Qe2 Kg7 19. a4 bxa4 20. Qf3 a3 21. Nxc4 Bb4 22. Red1 dxc4 23. Qxb7 axb2 24. Rxc4 Qd5 25. Rc6 Rac8 26. Qxc8 Rxc8 27. Rxc8 0-1